College Football Matchups: South Carolina - Statistics

General Stats
  • This quiz has been taken 197 times
    37 since last reset
  • The average score is 11 of 16
Answer Stats
Games Opponent Subdivision % Correct
76 Georgia Power 4
97%
122 Clemson Power 4
94%
44 Florida Power 4
87%
60 North Carolina Power 4
87%
42 Tennessee Power 4
87%
35 Vanderbilt Power 4
81%
37 Kentucky Power 4
77%
58 NC State Power 4
74%
44 Duke Power 4
68%
*24 LSU Power 4
58%
35 Virginia Power 4
58%
56 Wake Forest Power 4
55%
48 The Citadel FCS
52%
28 Maryland Power 4
48%
50 Furman FCS
39%
25 Wofford FCS
39%
No matching quizzes found
Score Distribution
Percent of People with Each Score
Percentile by Number Answered
Your Score History
You have not taken this quiz since the last reset